000
00325 a2200157 4500
001
165143
020
_a
040
_c
Magnum
100
_a
Jose, Elias
240
1
0
_a
Namorinho de portao
_l
por
245
1
0
_a
Namorinho de portao
362
0
_a
1899
440
1
_a
Moderna
697
_a
IJ/ADOLESCENTE, NAMORO
942
_c
BK
999
_c
165143
_d
165143